000 00302nam a22001337a 4500
008 170614b xxu||||| |||| 00| 0 eng d
020 _a006044424-X
041 _aeng
080 _a32
100 _a19
101 _aSHP
245 _aAMERICAN FOREIGN POLICY SINCE DETENTE
_cGRAN,R.C
942 _2udc
_cBK
999 _c17421
_d17421